00903nam a22002657a 4500003000900000008004100009020001800050040007100068082001900139245018900158260003500347300002900382650002200411650002500433650002100458650002000479650002100499650002500520650001000545650001400555650001200569700001900581700001600600700002100616AR-CdUCM201015b ||||| |||| 00| 0 spa d a9789876913539 aMUNICIPALIDAD PROVINCIAL DEL CUSCOcBIBLIOTECA MUNICIPAL DEL CUSCO a303.625/N6bN6 aNo hay mañana sin ayer :bbatallas por la memoria histórica en el Cono Sur /cSteve J. Stern, Peter Winn, Fedrico Lorenz ... [et al.] ; traducción, Yolanda Westphalen Rodríguez aBuenos Aires ;bBiblos,c2015. a373 páginas. :c22 cm. aMemoria colectiva aViolencia política aConflicto social aLuchas sociales aDerechos humanos aAspectos políticos aChile aArgentina aUruguay aStern, Steve J aWinn, Peter aLorenz, Federico